50 Most Famous Cities in Portugal on a Map - Statistics

General Stats
  • This quiz has been taken 191 times
  • The average score is 28 of 53
Answers on the Map
Answers color-coded by a green-red scale on the quiz's map according to % correct below.
 
Answer Stats
Wiki Monthly Views Cityquiz Mention Rate Population Answers % Correct
268.02K 62.53% 545.80K Lisbon
99%
156.46K 47.56% 231.80K Porto
99%
42.56K 11.53% 49.36K Faro
91%
42.38K 12.32% 146.54K Braga
90%
41.96K 8.12% 106.66K Coimbra
89%
61.02K 4.79% 105.59K Funchal
89%
22.58K 4.40% 98.47K Setúbal
84%
25.05K 2.78% 62.13K Aveiro
74%
15.37K 1.63% 188.42K Vila Nova de Gaia
73%
11.82K 2.42% 22.85K Bragança
72%
22.52K 3.64% 40.37K Évora
71%
14.32K 1.75% 54.54K Leiria
68%
16.24K 1.89% 60.57K Viseu
66%
10.10K 1.33% 171.45K Amadora
65%
37.34K 1.63% 40.05K Ponta Delgada
65%
27.31K 3.61% 54.75K Guimarães
64%
9.39K 2.43% 22.26K Beja
63%
9.71K 1.54% 33.45K Castelo Branco
62%
9.72K 1.09% 27.37K Vila Real
61%
41.71K 2.36% 29.90K Sintra
60%
23.86K 5.52% 19.79K Lagos
59%
10.81K 1.53% 29.79K Santarém
59%
14.95K 1.23% 37.86K Viana do Castelo
58%
16.09K 3.11% 43.81K Portimão
56%
19.54K 2.91% 21.29K Albufeira
54%
25.10K 1.66% 8.33K Cascais
54%
8.94K 1.54% 25.18K Guarda
54%
5.43K 0.92% 13.96K Portalegre
49%
11.29K 1.16% 95.85K Almada
48%
34.02K 1.01% 10.39K Nazaré
46%
8.10K 1.17% 1.85K Sagres
45%
50.93K 1.81% 10.27K Fátima
44%
9.05K 0.96% 21.21K Chaves
43%
9.28K 0.67% 13.30K Peniche
42%
8.35K 0.85% 12.34K Sines
41%
9.31K 0.71% 29.69K Figueira da Foz
40%
7.49K 0.64% 49.03K Matosinhos
39%
14.16K 1.77% 5.44K Estoril
36%
13.78K 0.54% 0.52K Óbidos
36%
12.45K 0.67% 13.88K Tomar
36%
8.77K 0.30% 13.76K Tavira
35%
7.87K 0.68% 14.32K Elvas
34%
10.51K - 0.75K Porto Santo/Vila Baleira
34%
9.41K 0.52% 20.72K Barcelos
33%
10.92K 0.57% 8.05K Angra do Heroísmo
32%
7.69K 0.50% 58.09K Oeiras
32%
7.38K 0.35% 35.77K Vila Nova de Famalicão
32%
8.44K 0.53% 27.79K Caldas da Rainha
30%
7.28K 0.62% 31.95K Covilhã
29%
9.29K 0.39% 41.21K Póvoa de Varzim
28%
8.34K 0.49% 29.33K Vila do Conde
28%
7.17K 0.35% 6.78K Ericeira
27%
8.68K - 1.01K Praia da Luz
14%
No matching quizzes found
Score Distribution
Percent of People with Each Score
Percentile by Number Answered
Your Score History
You have not taken this quiz